000 nam a22 a 4500
999 _c401168
_d401168
003 BLK
005 20210409132508.0
008 180409b bul|||||r ||||||| ||bul||
040 _aBLK
041 _aBUL
_cBUL
080 _aОтделни езици
_b811
_z811
100 _9268850
_aМладенов, Стефан
_eпърви автор
139 _aМладенов, Стефан
245 1 0 _aЕзик и култура
_bБеседи из науката за езика
_cСтефан Младенов
257 _aBGR
260 _aСофия
_bАкация
_c1928
_fСофия : С. М. Стайков
_9215552
300 _a87 с., 1 л. : портр.
_c14 см
380 _a80
490 _9204441
_aНатурфилософско четиво
_v35
650 0 _aЕзикознание, общо
_9263160
852 _aЦб 4.140.16540
_bО
856 4 _qpdf
856 4 _qpdf
942 _cKNG
_n0
_s1
944 _aCR
_c2021-03-17
_l2021-03-17
_kНР
944 _aED
_c2021-04-09
_kКети
999 _d401168